[Event "26. Münsterland Open"]
[Site "Senden"]
[Date "2008.10.01"]
[Round "6.7"]
[White "Rott, Georg"]
[Black "Beutelhoff, Josef"]
[Result "1/2-1/2"]
[WhiteElo "2239"]
[BlackElo "2139"]
[PlyCount "73"]
[EventDate "2008.??.??"]
[WhiteTeam "SK Münster 32"]
[BlackTeam "SK Lüdinghausen"]

1. e4 e6 2. d4 c5 3. c3 cxd4 4. cxd4 d5 5. e5 Nc6 6. Nf3 f6 7. Bd3 Bd7 8. O-O
f5 9. Nc3 h6 $6 10. Re1 g5 11. Nxd5 (11. g4 $5 $40 fxg4 $140 12. Bg6+ Ke7 13.
Nxg5 $18) (11. Bxf5 $5 exf5 12. e6 Bc8 13. Ne5 $40) 11... exd5 $2 (11... g4
$142) 12. e6 Bc8 13. Ne5 Nxe5 14. Qh5+ Ke7 15. Rxe5 Kd6 16. Bxf5 $2 (16. Bf4 $3
gxf4 (16... Nf6 17. Rxd5+ $3 Kxd5 18. Bc4+ $3 Kc6 (18... Kxc4 19. Qe2+ Kxd4 20.
Qb5 Ke4 21. Qe5+ Kd3 22. Qc3+ Ke4 23. Re1+ Kd5 24. Re5+ Kd6 25. Qc5#) 19. Qf3+
Ne4 20. d5+ Kb6 21. Qb3+ Kc5 22. Qb5+ Kd4 23. d6 Nc5 24. Rd1+ Ke4 25. Qxc5 $18)
17. Rxd5+ Kxd5 18. Qxf5+ Kc6 19. Rc1+ Kd6 20. Qc5+ Kxe6 21. Re1+ Kf6 22. Qe5+
Kf7 23. Qh5+ Kg7 24. Qg6#) 16... Bg7 17. Re1 $2 (17. Bd2 $1 $18 Bxe5 (17... a5
18. Rc1 Bxe5 (18... Ne7 19. Qf3 Bxe5 $140 20. Qa3#) 19. dxe5+ Kxe5 20. Qf3 $18)
18. Bb4+ Kc7 19. Rc1+ Kb8 20. dxe5 a5 21. Bd6+ Ka7 22. Qf7 a4 23. Qg7 $18)
17... Ne7 18. Qf3 Nxf5 19. Qxf5 Qf6 20. Qc2 Qxd4 $2 (20... Bxe6 $142 21. Qc5+
Kd7 22. Qb5+ Kc7 23. Qc5+ Kd8 24. Qd6+ Bd7 25. Qxd5 Kc7 26. Qc4+ Kb8 $17) 21.
Be3 Qc4 22. Qg6 Bxb2 23. Rab1 Bc3 24. e7+ Be6 25. Bc5+ (25. Bf4+ $1 gxf4 26.
Rxe6+ Kc5 27. Rxb7 Rac8 28. e8=Q Rhxe8 29. Rxe8 Rc6 30. Re6 Rxe6 31. Qxe6 $18)
25... Kxc5 26. Rxe6 Qxa2 27. Qd3 Qc4 28. Qg3 Bd2 29. Qd6+ Kd4 30. Qe5+ Kd3 $2
31. e8=Q $2 (31. Qe2+ $1 Kc2 (31... Kc3 32. Re3+ Bxe3 33. Qxe3+ Qd3 34. Qc5+
Qc4 35. Qa3+ Kd2 36. Qe3+ Kc2 37. Rc1+ Kb2 38. Qd2+ Kb3 39. Rb1+ Ka4 40. Qb2
Ka5 41. Ra1+ Qa4 42. Qd2+ Kb6 43. Rxa4 $18) 32. Qd1+ Kc3 33. Re2 $18) 31...
Rhxe8 32. Rxe8 Rxe8 33. Qxe8 b5 34. Qg6+ Kc3 35. Qa6 Qa4 36. Qc6+ Qc4 37. Qa6
1/2-1/2

[Event "26. Münsterland Open"]
[Site "Senden"]
[Date "2008.10.01"]
[Round "6.8"]
[White "Wewers, Reinhard"]
[Black "Rüberg, Jobst"]
[Result "1/2-1/2"]
[WhiteElo "2141"]
[BlackElo "2229"]
[PlyCount "30"]
[EventDate "2008.??.??"]
[WhiteTeam "SV Essen Überruhr 46"]
[BlackTeam "SC Sendenhorst"]

1. Nf3 Nf6 2. d4 e6 3. g3 b6 4. Bg2 Bb7 5. O-O Be7 6. c4 O-O 7. d5 Na6 8. Nd4
exd5 9. Nf5 c6 10. cxd5 cxd5 11. Nc3 Nc7 12. Bg5 Bc6 13. e4 dxe4 14. Nxe4 Bxe4
15. Bxe4 d5 1/2-1/2

[Event "26. Münsterland Open"]
[Site "Senden"]
[Date "2008.10.01"]
[Round "6.10"]
[White "Seegers, Hendrik"]
[Black "Kuznetsov, Mark"]
[Result "1-0"]
[WhiteElo "2190"]
[BlackElo "2003"]
[PlyCount "83"]
[EventDate "2008.??.??"]
[WhiteTeam "SF Neuenkirchen"]
[BlackTeam "SG Porz"]

1. d4 Nf6 2. Nf3 e6 3. Bf4 Bb4+ 4. c3 Be7 5. h3 d5 6. e3 O-O 7. Nbd2 b6 8. Ne5
Bb7 9. Bd3 c5 10. O-O cxd4 11. exd4 Nc6 12. Re1 Rc8 13. Ndf3 Nxe5 14. Nxe5 Ne4
15. Qc2 h6 16. Re3 Bd6 17. Rae1 Qc7 18. Rf3 f6 19. Ng6 Bxf4 20. Nxf4 Qd6 21.
Ng6 Rfe8 22. Rfe3 e5 23. Qe2 exd4 24. cxd4 Bc6 25. a3 f5 26. Qh5 Re6 27. Qxf5
Bd7 28. Bxe4 dxe4 29. Ne5 Qxd4 30. Rxe4 Qd5 31. Qf7+ Kh7 32. Nxd7 Rxe4 33. Nf6+
Kh8 34. Nxd5 Rxe1+ 35. Kh2 Rce8 36. Ne3 Rg8 37. Qxa7 Re2 38. Qxb6 Rxf2 39. Ng4
Rf7 40. b4 Re8 41. Qg6 Ree7 42. b5 1-0

[Event "26. Münsterland Open"]
[Site "Senden"]
[Date "2008.10.02"]
[Round "7.1"]
[White "Saulin, Dimitrij"]
[Black "Henrichs, Thomas"]
[Result "1-0"]
[WhiteElo "2409"]
[BlackElo "2491"]
[PlyCount "109"]
[EventDate "2008.??.??"]

1. e4 c5 2. Nf3 d6 3. d4 cxd4 4. Nxd4 Nf6 5. Nc3 g6 6. Be3 Bg7 7. f3 Nc6 8. Qd2
O-O 9. Bc4 Bd7 10. O-O-O Ne5 11. Bb3 Rc8 12. Kb1 Re8 13. Bh6 Nc4 14. Bxc4 Rxc4
15. Bxg7 Kxg7 16. g4 e5 17. Nde2 Be6 18. Nb5 d5 19. g5 Nh5 20. exd5 Bf5 21.
Nbc3 Nf4 22. b3 Nxe2 23. bxc4 Nd4 24. Nb5 Qb6 25. Kc1 Nxc2 26. Qc3 a6 27. Na3
Nxa3 28. Qxa3 Qb1+ 29. Kd2 Qc2+ 30. Ke3 Qxc4 31. h4 h6 32. Kf2 h5 33. Rd2 e4
34. Qe3 Kf8 35. Re1 Qc7 36. d6 Qc6 37. fxe4 Be6 38. Rd4 Qc2+ 39. Qd2 Qxa2 40.
Qxa2 Bxa2 41. Rc1 Be6 42. Rc7 b5 43. Ra7 Rb8 44. Rb4 Ke8 45. Rxa6 Kd7 46. Ke3
Bc4 47. Kd4 Ke6 48. Rb2 Rd8 49. e5 Kf5 50. Rf2+ Kg4 51. Ra7 Rf8 52. Rc7 Be6 53.
Re7 Bf5 54. Kd5 b4 55. d7 1-0

[Event "26. Münsterland Open"]
[Site "Senden"]
[Date "2008.10.02"]
[Round "7.2"]
[White "Ulko, Jaroslav"]
[Black "Michalczak, Thomas"]
[Result "1-0"]
[WhiteElo "2470"]
[BlackElo "2297"]
[PlyCount "65"]
[EventDate "2008.??.??"]

1. d4 d5 2. c4 e6 3. Nf3 Nf6 4. Nc3 Nbd7 5. Bg5 c6 6. e3 Qa5 7. cxd5 Nxd5 8.
Qd2 Bb4 9. Rc1 h6 10. Bh4 c5 11. Bd3 cxd4 12. exd4 b6 13. O-O Bb7 14. a3 Bxc3
15. bxc3 Rc8 16. Bg3 Rxc3 17. Bd6 Rxc1 18. Qxc1 Qc3 19. Qb1 Qc6 20. Be5 Nc3 21.
d5 Nxb1 22. dxc6 Bxc6 23. Bd6 Bxf3 24. gxf3 Nd2 25. Rc1 Nxf3+ 26. Kg2 Nde5 27.
Bb5+ Kd8 28. Rd1 Nh4+ 29. Kh3 Nef3 30. Be5+ Ke7 31. Rd7+ Kf8 32. Rd8+ Ke7 33.
Rxh8 1-0

[Event "26. Münsterland Open"]
[Site "Senden"]
[Date "2008.10.02"]
[Round "7.3"]
[White "Borovikov, Vladislav"]
[Black "Stets, Dmitry"]
[Result "1-0"]
[WhiteElo "2580"]
[BlackElo "2420"]
[PlyCount "95"]
[EventDate "2008.??.??"]

1. d4 Nf6 2. Nf3 g6 3. c4 Bg7 4. g3 O-O 5. Bg2 d6 6. O-O Nc6 7. Nc3 Bf5 8. b3
e5 9. d5 Ne7 10. Ne1 e4 11. Nc2 Qd7 12. Bg5 Ng4 13. Nd4 c5 14. dxc6 Nxc6 15.
Nxf5 Qxf5 16. Nxe4 Rfe8 17. h3 Rxe4 18. Bxe4 Qxg5 19. hxg4 Bxa1 20. Qxa1 Qxg4
21. Bf3 Qe6 22. Rd1 Rd8 23. Qb1 a5 24. Rd5 h5 25. Qc1 Qf6 26. Kg2 Kg7 27. Rb5
Ne5 28. Qf4 Qxf4 29. gxf4 Nxf3 30. Kxf3 Rd7 31. Rxa5 Kf6 32. Rb5 Ke6 33. Rb6
Ke7 34. Kg3 Kd8 35. Kh4 Kc7 36. Rb5 Re7 37. e3 f6 38. f5 Re4+ 39. f4 gxf5 40.
Kxh5 Rxe3 41. Kg6 Re2 42. Kxf6 Rxa2 43. Kxf5 Kc6 44. Kg6 Rg2+ 45. Kf7 Rg3 46.
f5 d5 47. Rxd5 Rxb3 48. f6 1-0

[Event "26. Münsterland Open"]
[Site "Senden"]
[Date "2008.10.02"]
[Round "7.4"]
[White "Kummerow, Heiko"]
[Black "Solodovnichenko, Yuri"]
[Result "0-1"]
[WhiteElo "2357"]
[BlackElo "2541"]
[PlyCount "158"]
[EventDate "2008.??.??"]

1. e4 c5 2. Nf3 e6 3. d4 cxd4 4. Nxd4 Nf6 5. Nc3 d6 6. g4 h6 7. h4 Nc6 8. Rg1
h5 9. gxh5 Nxh5 10. Bg5 Nf6 11. Rg3 a6 12. Nxc6 bxc6 13. Qf3 Qb6 14. O-O-O Rb8
15. b3 Qb4 16. Kb1 e5 17. Bh3 Nh5 18. Bxc8 Rxc8 19. Qf5 Qb8 20. Rgd3 g6 21. Qg4
Qc7 22. f4 Nxf4 23. Bxf4 exf4 24. e5 d5 25. e6 Bg7 26. exf7+ Kxf7 27. Rg1 Rh6
28. h5 Re8 29. hxg6+ Kg8 30. Rf1 Qe5 31. Qxf4 Rf8 32. Qc1 Rxf1 33. Qxf1 Rxg6
34. Qf2 Rf6 35. Qg1 Rf4 36. Rg3 a5 37. a3 a4 38. Rxg7+ Qxg7 39. Qxg7+ Kxg7 40.
Nxa4 Kf6 41. Nc5 Rf3 42. Kb2 Ke5 43. b4 d4 44. Nd3+ Kd5 45. Kb3 Rh3 46. Kb2 Kc4
47. Ne5+ Kd5 48. Nd3 Rg3 49. Kb3 Rf3 50. Kb2 Rg3 51. Kb3 Rf3 52. Kb2 Rg3 53.
Kb3 c5 54. bxc5 Rg1 55. a4 Rb1+ 56. Ka2 Rb8 57. Ka3 Kc4 58. c6 Kc3 59. a5 Kxc2
60. Nb4+ Kc3 61. Nd5+ Kc2 62. a6 Ra8 63. Nb4+ Kc3 64. Ka4 Kc4 65. Ka5 Kc5 66.
c7 d3 67. Nxd3+ Kc6 68. Nb4+ Kxc7 69. Kb5 Rd8 70. Kc5 Rh8 71. Nd5+ Kb8 72. Kb6
Rh6+ 73. Kb5 Ka7 74. Nb4 Rh5+ 75. Kc4 Kb6 76. Kc3 Kb5 77. a7 Rh3+ 78. Kd4 Ra3
79. Nd5 Rxa7 0-1

[Event "26. Münsterland Open"]
[Site "Senden"]
[Date "2008.10.02"]
[Round "7.5"]
[White "Tkachuk, Konstantyn"]
[Black "Donchenko, Anatoly"]
[Result "1/2-1/2"]
[WhiteElo "2165"]
[BlackElo "2399"]
[PlyCount "34"]
[EventDate "2008.??.??"]

1. e4 c6 2. d4 d5 3. e5 Bf5 4. g4 Bd7 5. c4 e6 6. Nc3 Ne7 7. Be3 dxc4 8. Bxc4
Nd5 9. Nf3 Na6 10. O-O Nxc3 11. bxc3 Nc7 12. Ng5 Nd5 13. Ne4 Be7 14. Qd3 O-O
15. Bb3 f5 16. exf6 gxf6 17. Bh6 Rf7 1/2-1/2

[Event "26. Münsterland Open"]
[Site "Senden"]
[Date "2008.10.02"]
[Round "7.6"]
[White "Rüberg, Jobst"]
[Black "Seegers, Hendrik"]
[Result "1/2-1/2"]
[WhiteElo "2229"]
[BlackElo "2190"]
[PlyCount "41"]
[EventDate "2008.??.??"]

1. e4 d5 2. exd5 Nf6 3. c4 c6 4. Nc3 cxd5 5. cxd5 Nxd5 6. Nf3 e6 7. d4 Nc6 8.
Bc4 Be7 9. O-O O-O 10. Re1 Nf6 11. a3 b6 12. Bg5 Bb7 13. Ba2 Re8 14. Qd2 Rc8
15. Rad1 Na5 16. Qd3 Nd7 17. Bxe7 Rxe7 18. b4 Bxf3 19. Qxf3 Nc4 20. d5 e5 21.
Bxc4 1/2-1/2

[Event "26. Münsterland Open"]
[Site "Senden"]
[Date "2008.10.02"]
[Round "7.7"]
[White "Müller, Martin"]
[Black "Rott, Georg"]
[Result "1/2-1/2"]
[WhiteElo "2102"]
[BlackElo "2239"]
[PlyCount "70"]
[EventDate "2008.??.??"]

1. e4 e6 2. d4 d5 3. Nc3 Bb4 4. e5 Ne7 5. f4 O-O 6. Nf3 f6 7. Bd3 c5 8. O-O
cxd4 9. Ne2 Nbc6 10. Nexd4 Nxd4 11. Nxd4 fxe5 12. fxe5 Rxf1+ 13. Kxf1 Bd7 14.
Qg4 Qb6 15. Bh6 Rf8+ 16. Ke2 Rf7 17. Rf1 Nf5 18. Be3 Bc5 19. Nxf5 exf5 20. Bxc5
Qxc5 21. Qf4 d4 22. Kd1 g6 23. Kc1 Be6 24. b3 a5 25. Rd1 Rd7 26. h4 a4 27. h5
axb3 28. axb3 Bxb3 29. hxg6 hxg6 30. Qg5 Qa3+ 31. Kd2 Qa5+ 32. Kc1 Qa1+ 33. Kd2
Qa5+ 34. Kc1 Qa3+ 35. Kd2 Qa5+ 1/2-1/2

[Event "26. Münsterland Open"]
[Site "Senden"]
[Date "2008.10.02"]
[Round "7.8"]
[White "Beutelhoff, Josef"]
[Black "Korth, Daniel"]
[Result "1/2-1/2"]
[WhiteElo "2139"]
[BlackElo "2213"]
[PlyCount "23"]
[EventDate "2008.??.??"]

1. c4 c6 2. Nc3 d5 3. cxd5 cxd5 4. d4 Nf6 5. Nf3 Nc6 6. e3 a6 7. Bd3 Bg4 8. Qb3
Na5 9. Qc2 Rc8 10. Ne5 Bd7 11. f4 e6 12. O-O 1/2-1/2

[Event "26. Münsterland Open"]
[Site "Senden"]
[Date "2008.10.02"]
[Round "7.9"]
[White "Sazanov, Nikolay"]
[Black "Fox, Daniel"]
[Result "1-0"]
[WhiteElo "2204"]
[BlackElo "2129"]
[PlyCount "89"]
[EventDate "2008.??.??"]

1. d4 Nf6 2. e3 g6 3. f4 Bg7 4. Nf3 d6 5. Bc4 Bg4 6. Nbd2 O-O 7. h3 Bxf3 8.
Qxf3 d5 9. Bd3 c5 10. c3 Nc6 11. g4 Rb8 12. h4 Qd7 13. g5 Nh5 14. Nf1 Rfe8 15.
Ng3 Nxg3 16. Qxg3 cxd4 17. exd4 e5 18. fxe5 Nxe5 19. dxe5 Bxe5 20. Qh3 Bxc3+
21. Kf1 Qc6 22. bxc3 Qxc3 23. Rb1 Qe1+ 24. Kg2 Re2+ 25. Bxe2 Qxe2+ 26. Kg1 Qe1+
27. Kg2 Qe2+ 28. Kg3 Qd3+ 29. Kh2 Qxb1 30. Bf4 Qxa2+ 31. Qg2 Qxg2+ 32. Kxg2 Re8
33. Rd1 f6 34. Rxd5 fxg5 35. Bxg5 h6 36. Bxh6 Kf7 37. Bf4 Re7 38. Kf3 a6 39.
Kg4 b5 40. Rd6 Re6 41. Rxe6 Kxe6 42. Bd2 Kf7 43. Kg5 Kg7 44. Ba5 Kh7 45. Bc3
1-0

[Event "26. Münsterland Open"]
[Site "Senden"]
[Date "2008.10.02"]
[Round "7.10"]
[White "Freitag, Julia"]
[Black "Beermann, Michael"]
[Result "1/2-1/2"]
[WhiteElo "2176"]
[BlackElo "2136"]
[PlyCount "43"]
[EventDate "2008.??.??"]

1. d4 c5 2. e3 d5 3. f4 Bf5 4. Bd3 Bxd3 5. Qxd3 e6 6. Nf3 Nf6 7. Ne5 Nc6 8. Nd2
Be7 9. c3 Nd7 10. O-O f6 11. Nxc6 bxc6 12. e4 O-O 13. Nf3 Kh8 14. f5 e5 15. Nh4
Qe8 16. Qf3 exd4 17. cxd4 cxd4 18. exd5 Ne5 19. Qe4 Bc5 20. Bf4 cxd5 21. Qxd5
Bb6 22. Bxe5 1/2-1/2

[Event "26. Münsterland Open"]
[Site "Senden"]
[Date "2008.10.03"]
[Round "8.1"]
[White "Saulin, Dimitrij"]
[Black "Ulko, Jaroslav"]
[Result "1/2-1/2"]
[WhiteElo "2409"]
[BlackElo "2470"]
[PlyCount "87"]
[EventDate "2008.??.??"]

1. e4 c5 2. Nf3 e6 3. g3 Nc6 4. Bg2 Nf6 5. Qe2 d6 6. O-O Be7 7. c3 e5 8. h3 O-O
9. Rd1 Qc7 10. Na3 a6 11. d4 Re8 12. dxc5 dxc5 13. Nc4 h6 14. Ne3 Bd6 15. Nh4
Be6 16. Nhf5 Bf8 17. Qf3 Bxf5 18. Nxf5 Rad8 19. Re1 Re6 20. g4 Ne7 21. Bf1 Nh7
22. a4 Rf6 23. Qg3 g6 24. Nh4 Ng5 25. Bxg5 hxg5 26. Nf3 Rf4 27. Nxg5 Rd2 28.
Re2 Qd6 29. Rae1 Bg7 30. Nf3 Rd1 31. Kg2 Rxe1 32. Nxe1 b5 33. axb5 axb5 34. Qd3
Qb6 35. Qd7 Nc6 36. Nc2 Bf8 37. Ne3 Ne7 38. Nd5 Nxd5 39. exd5 Bd6 40. Qc6 Qb8
41. Re1 Qd8 42. Bxb5 Qf6 43. Re2 e4 44. Qe8+ 1/2-1/2

[Event "26. Münsterland Open"]
[Site "Senden"]
[Date "2008.10.03"]
[Round "8.2"]
[White "Solodovnichenko, Yuri"]
[Black "Borovikov, Vladislav"]
[Result "0-1"]
[WhiteElo "2541"]
[BlackElo "2580"]
[PlyCount "78"]
[EventDate "2008.??.??"]

1. e4 c5 2. Nf3 d6 3. d4 cxd4 4. Nxd4 Nf6 5. Nc3 a6 6. Bg5 e6 7. f4 Nbd7 8. Qf3
Qc7 9. O-O-O b5 10. Bd3 Bb7 11. Rhe1 Qb6 12. Nd5 Qxd4 13. Bxf6 gxf6 14. Bxb5
Qc5 15. Nxf6+ Kd8 16. Nxd7 Qxb5 17. Nxf8 Rxf8 18. Qa3 Ke8 19. Qxd6 Qc6 20. Qd4
Rc8 21. c3 f6 22. Re3 Qc7 23. Qa4+ Bc6 24. Qxa6 Kf7 25. f5 exf5 26. Qc4+ Kg7
27. exf5 Kh8 28. g3 Qa7 29. Rde1 Qa5 30. Re7 Qxf5 31. Qe6 Qg6 32. Rf1 Rce8 33.
Rxe8 Bxe8 34. Qd6 Kg7 35. b3 Bf7 36. Re1 Qh6+ 37. Qf4 Qxh2 38. Re7 Qxa2 39. Qe4
Qa3+ 0-1

[Event "26. Münsterland Open"]
[Site "Senden"]
[Date "2008.10.03"]
[Round "8.3"]
[White "Henrichs, Thomas"]
[Black "Tkachuk, Konstantyn"]
[Result "1-0"]
[WhiteElo "2491"]
[BlackElo "2165"]
[PlyCount "57"]
[EventDate "2008.??.??"]

1. d4 Nf6 2. c4 g6 3. Nc3 Bg7 4. e4 d6 5. Nf3 O-O 6. Be2 c6 7. O-O Nbd7 8. Be3
e5 9. d5 c5 10. Ne1 Ne8 11. g4 f5 12. gxf5 gxf5 13. exf5 Rxf5 14. Kh1 Rf8 15.
Nf3 Ndf6 16. Ng5 Bf5 17. Rg1 Qd7 18. Rg3 Kh8 19. Qd2 Nc7 20. Rag1 Rg8 21. Bd3
Bxd3 22. Qxd3 Bh6 23. Nge4 Rxg3 24. Rxg3 Nxe4 25. Nxe4 Bxe3 26. Qxe3 Ne8 27.
Qh6 Qe7 28. Rf3 Kg8 29. Ng5 1-0

[Event "26. Münsterland Open"]
[Site "Senden"]
[Date "2008.10.03"]
[Round "8.4"]
[White "Donchenko, Anatoly"]
[Black "Sazanov, Nikolay"]
[Result "1-0"]
[WhiteElo "2399"]
[BlackElo "2204"]
[PlyCount "102"]
[EventDate "2008.??.??"]

1. d4 d5 2. c4 e6 3. g3 c6 4. Nd2 f5 5. Bg2 Nf6 6. Nh3 Bd6 7. O-O h5 8. c5 Bc7
9. Nf3 Nbd7 10. Bf4 Nf8 11. Qc1 Ng6 12. Bxc7 Qxc7 13. Nf4 Nxf4 14. Qxf4 Qxf4
15. gxf4 h4 16. h3 Bd7 17. Ne5 Rh6 18. Bf3 Ke7 19. Kh2 Rg8 20. Rg1 Be8 21. Rg2
Nd7 22. Nd3 Bh5 23. Rag1 Kf6 24. Bxh5 Rxh5 25. Rg6+ Kf7 26. b4 Rh7 27. R6g2 Ra8
28. Rb1 a6 29. e3 Rhh8 30. f3 Kf6 31. a4 Rhg8 32. b5 axb5 33. axb5 Ra3 34. Ne5
Nxe5 35. fxe5+ Kf7 36. bxc6 bxc6 37. Rb7+ Ke8 38. Rg6 Rf8 39. Rxe6+ Kd8 40.
Rb8+ Kd7 41. Rd6+ Ke7 42. Rb7+ Ke8 43. Rxc6 Ra8 44. Rxg7 f4 45. Re6+ Kd8 46.
exf4 Ra2+ 47. Rg2 Rxg2+ 48. Kxg2 Rg8+ 49. Kh2 Rg3 50. Rh6 Rxf3 51. Rxh4 Ke7 1-0

[Event "26. Münsterland Open"]
[Site "Senden"]
[Date "2008.10.03"]
[Round "8.5"]
[White "Michalczak, Thomas"]
[Black "Seegers, Hendrik"]
[Result "1/2-1/2"]
[WhiteElo "2297"]
[BlackElo "2190"]
[PlyCount "113"]
[EventDate "2008.??.??"]

1. e4 c6 2. d4 d5 3. Nc3 dxe4 4. Nxe4 Bf5 5. Ng3 Bg6 6. h4 h6 7. Nf3 Nd7 8. h5
Bh7 9. Bd3 Bxd3 10. Qxd3 e6 11. Bf4 Qa5+ 12. Bd2 Qc7 13. O-O-O O-O-O 14. Ne4
Ngf6 15. g3 Nc5 16. Nxc5 Bxc5 17. c4 Bd6 18. Bc3 Kb8 19. Qe2 Ka8 20. Ne5 b5 21.
Qf3 Rc8 22. cxb5 Bxe5 23. dxe5 Nd5 24. bxc6 Qxc6 25. Rd3 Nb4 26. Qxc6+ Rxc6 27.
Rd7 Nxa2+ 28. Kd2 Nxc3 29. bxc3 Rhc8 30. Rxf7 Rxc3 31. Ra1 R3c7 32. Rxc7 Rxc7
33. Ra6 Rd7+ 34. Ke3 Kb7 35. Rxe6 a5 36. Rg6 Re7 37. Kd4 a4 38. f4 Rc7 39. Rd6
a3 40. Ke4 a2 41. Rd1 Kc6 42. Ra1 Ra7 43. Kf5 Kd7 44. g4 Ra6 45. g5 hxg5 46.
fxg5 Ke7 47. e6 Ra5+ 48. Kg6 Kxe6 49. Re1+ Re5 50. Ra1 Ra5 51. h6 gxh6 52. gxh6
Ra3 53. Re1+ Kd5 54. h7 Rg3+ 55. Kh6 Rh3+ 56. Kg7 Rg3+ 57. Kh6 1/2-1/2

[Event "26. Münsterland Open"]
[Site "Senden"]
[Date "2008.10.03"]
[Round "8.6"]
[White "Stets, Dmitry"]
[Black "Steinle, Carsten"]
[Result "1-0"]
[WhiteElo "2420"]
[BlackElo "2143"]
[PlyCount "101"]
[EventDate "2008.??.??"]

1. e4 e6 2. d3 b6 3. Nf3 Bb7 4. c3 d5 5. Nbd2 Nf6 6. Qa4+ Qd7 7. Qc2 Qc8 8. Be2
Be7 9. O-O O-O 10. Re1 c5 11. h3 Nc6 12. Nf1 Bd6 13. Bg5 Nd7 14. exd5 exd5 15.
Ne3 Ne7 16. d4 f6 17. Bh4 Qc7 18. Bd3 g6 19. Ng4 c4 20. Bf1 Nf5 21. Re6 Nxh4
22. Nxh4 Kg7 23. Qd1 Bf4 24. Re7+ Rf7 25. Qe2 Raf8 26. g3 Bd6 27. Rxf7+ Rxf7
28. Re1 f5 29. Ne5 Re7 30. f4 Nf6 31. Bg2 Bc8 32. Bf3 Ne4 33. Kh2 g5 34. Ng2
gxf4 35. gxf4 Kh8 36. Ne3 Be6 37. Bxe4 Bxe5 38. dxe5 dxe4 39. Qh5 Qd8 40. Rd1
Rd7 41. Rxd7 Qxd7 42. Qh6 Kg8 43. Qg5+ Kf8 44. Qf6+ Kg8 45. Kg3 b5 46. a3 a6
47. Kh4 Qc8 48. Qe7 Qc6 49. Qd8+ Kg7 50. Qf6+ Kg8 51. Nxf5 1-0

[Event "26. Münsterland Open"]
[Site "Senden"]
[Date "2008.10.03"]
[Round "8.7"]
[White "Wewers, Reinhard"]
[Black "Kummerow, Heiko"]
[Result "0-1"]
[WhiteElo "2141"]
[BlackElo "2357"]
[PlyCount "88"]
[EventDate "2008.??.??"]

1. Nf3 Nf6 2. g3 g6 3. Bg2 Bg7 4. O-O O-O 5. d4 d6 6. Nc3 Nc6 7. d5 Na5 8. Nd4
Bd7 9. h3 a6 10. Rb1 c5 11. Nf3 b5 12. e3 b4 13. Ne2 Nc4 14. Re1 Nb6 15. Nf4
Bb5 16. e4 Nfd7 17. h4 Ne5 18. Nxe5 Bxe5 19. Nd3 Bg7 20. h5 Qc7 21. Qg4 Nd7 22.
Qh4 Bxd3 23. cxd3 Ne5 24. Rd1 Qd7 25. Bg5 h6 26. Bxh6 Bxh6 27. f4 g5 28. fxg5
Bg7 29. h6 Ng6 30. hxg7 Nxh4 31. gxf8=Q+ Rxf8 32. gxh4 Qg4 33. Rf1 Kg7 34. Rf3
Qxh4 35. Rbf1 Qxg5 36. Kh1 f6 37. Bh3 Kf7 38. Be6+ Ke8 39. Rg1 Rh8+ 40. Rh3
Rxh3+ 41. Bxh3 Qh5 42. Rg8+ Kf7 43. Rg3 f5 44. exf5 Qe2 0-1

[Event "26. Münsterland Open"]
[Site "Senden"]
[Date "2008.10.03"]
[Round "8.8"]
[White "Beermann, Michael"]
[Black "Torres-Kuckel, Rafael"]
[Result "0-1"]
[WhiteElo "2136"]
[BlackElo "2270"]
[PlyCount "90"]
[EventDate "2008.??.??"]

1. e4 c5 2. Nf3 e6 3. d4 cxd4 4. Nxd4 a6 5. Bd3 Qb6 6. Nb3 Qc7 7. O-O Nf6 8.
Nc3 d6 9. a4 b6 10. f4 Be7 11. Qf3 Bb7 12. Bd2 Nbd7 13. Qg3 g6 14. Rae1 h5 15.
e5 h4 16. Qf2 Nd5 17. Nxd5 Bxd5 18. exd6 Bxd6 19. Bc3 Rh5 20. Be4 Bxe4 21. Rxe4
b5 22. Rd1 Be7 23. axb5 axb5 24. Qe3 Rc8 25. Kh1 Qb7 26. Red4 Nf6 27. R4d2 h3
28. Bxf6 hxg2+ 29. Kg1 Bxf6 30. c3 b4 31. Nd4 bxc3 32. bxc3 Qb6 33. Kxg2 Kf8
34. Rd3 Rd5 35. R1d2 Rcd8 36. Qe4 Qd6 37. Kf3 Kg7 38. Kg2 Kh7 39. Rh3+ Kg8 40.
Rhd3 Qd7 41. Kf3 e5 42. fxe5 Bxe5 43. Kg2 Bc7 44. Qh4 Rh5 45. Nf5 Qxd3 0-1

[Event "26. Münsterland Open"]
[Site "Senden"]
[Date "2008.10.03"]
[Round "8.9"]
[White "Rott, Georg"]
[Black "Stöckmann, Helmut"]
[Result "0-1"]
[WhiteElo "2239"]
[BlackElo "2121"]
[PlyCount "130"]
[EventDate "2008.??.??"]

1. e4 c5 2. Nf3 e6 3. c3 Nf6 4. e5 Nd5 5. d4 cxd4 6. cxd4 d6 7. a3 Be7 8. Bd3
O-O 9. O-O b6 10. Re1 Bb7 11. Nbd2 dxe5 12. dxe5 Nf4 13. Bc2 Na6 14. g3 Nh3+
15. Kg2 Ng5 16. Qe2 Rc8 17. Ne4 Nxf3 18. Kxf3 Qc7 19. Bb1 Nc5 20. Bf4 Nb3 21.
Kg4 Nxa1 22. Nf6+ Bxf6 23. exf6 Qc6 24. fxg7 Rfd8 25. f3 Nb3 26. Qg2 Nd4 27.
Bxh7+ Kxg7 28. Be5+ f6 29. Be4 Qd7 30. Qd2 Bxe4 31. Qg5+ Kf8 32. Qxf6+ Qf7 33.
Rxe4 Nf5 34. Kg5 Rd7 35. g4 Qxf6+ 36. Bxf6 Ng7 37. Kg6 Ne8 38. Be5 Rf7 39. f4
Rc2 40. h4 Ke7 41. Rd4 Nf6 42. g5 Ng4 43. Bd6+ Ke8 44. Re4 Rd7 45. Rxe6+ Kd8
46. h5 Rc6 47. Be7+ Kc7 48. Rxc6+ Kxc6 49. Bf8 Nf2 50. h6 Nd3 51. h7 Nxf4+ 52.
Kh6 Rd1 53. Be7 Ne6 54. Kg6 Rh1 55. Kf6 Nxg5 56. Kxg5 Rxh7 57. Bf6 Kd5 58. Bc3
Rf7 59. Kg6 Rf1 60. a4 Kc4 61. a5 b5 62. a6 Ra1 63. Kf6 Rxa6+ 64. Ke5 Rh6 65.
Bd2 Rh2 0-1

[Event "26. Münsterland Open"]
[Site "Senden"]
[Date "2008.10.03"]
[Round "8.10"]
[White "Koke, Christoph"]
[Black "Rüberg, Jobst"]
[Result "0-1"]
[WhiteElo "1861"]
[BlackElo "2229"]
[PlyCount "114"]
[EventDate "2008.??.??"]

1. e4 c5 2. Nf3 a6 3. c3 d5 4. e5 Nc6 5. d4 Bg4 6. Be2 e6 7. Nbd2 Nh6 8. h3
Bxf3 9. Nxf3 cxd4 10. Bxh6 gxh6 11. cxd4 Qa5+ 12. Kf1 Bg7 13. g3 O-O 14. Kg2
Qb6 15. Qb3 Qxb3 16. axb3 f6 17. Rhe1 fxe5 18. dxe5 Rae8 19. Rac1 Re7 20. Bxa6
Ref7 21. Bxb7 Nb4 22. Bxd5 Nxd5 23. Nd4 Rxf2+ 24. Kg1 Rxb2 25. Nxe6 Re8 26. Rc5
Rxe6 27. Rxd5 Rxb3 28. Kg2 Bf8 29. Rd8 Kg7 30. Rd4 Be7 31. Rde4 Rg6 32. g4 h5
33. Kh2 h4 34. R4e3 Rgb6 35. Kg2 Kg6 36. Rxb3 Rxb3 37. Rf1 Rg3+ 38. Kh2 Re3 39.
Rf5 Re2+ 40. Kh1 h6 41. Kg1 Bc5+ 42. Kf1 Re3 43. Kg2 Bd4 44. Rf6+ Kg7 45. Rf3
Rxe5 46. Rd3 Bc5 47. Rd2 Kg6 48. Rd3 Re1 49. Rd5 Rc1 50. Rd3 Rc2+ 51. Kh1 Bf2
52. Rd6+ Kg5 53. Rd5+ Kf4 54. Ra5 Kf3 55. Ra3+ Be3 56. Rb3 Kf2 57. Rb1 Kg3 0-1

[Event "26. Münsterland Open"]
[Site "Senden"]
[Date "2008.10.04"]
[Round "9.3"]
[White "Kummerow, Heiko"]
[Black "Henrichs, Thomas"]
[Result "0-1"]
[WhiteElo "2357"]
[BlackElo "2491"]
[PlyCount "102"]
[EventDate "2008.??.??"]

1. e4 c5 2. Nf3 d6 3. d4 cxd4 4. Nxd4 Nf6 5. Nc3 a6 6. Bg5 e6 7. f4 Qc7 8. Bxf6
gxf6 9. Qd2 b5 10. Bd3 Nd7 11. O-O-O Nb6 12. Rhe1 Bd7 13. f5 e5 14. Nd5 Qd8 15.
Ne2 Nxd5 16. exd5 h5 17. Kb1 Qb6 18. Nc3 Ke7 19. Qe2 Bh6 20. Qf3 b4 21. Ne4 a5
22. Qf2 Qxf2 23. Nxf2 Rag8 24. Be4 h4 25. Nh3 Rg7 26. a3 Rb8 27. Ka2 Ba4 28.
axb4 axb4 29. b3 Bb5 30. Kb2 Rgg8 31. Nf2 Bd7 32. Nd3 Rg5 33. Rf1 Rb6 34. Rf2
Rg8 35. Re2 Bb5 36. Ree1 Ba6 37. Bf3 Ra8 38. Re4 Bxd3 39. Rxd3 Bf4 40. h3 Bg3
41. Rd1 Rab8 42. Rd2 Kf8 43. Bd1 Ra6 44. c3 bxc3+ 45. Kxc3 Bf4 46. Rd3 Ra2 47.
Bc2 Rc8+ 48. Rc4 Rxc4+ 49. bxc4 e4 50. Rd1 Be5+ 51. Kd2 Bg3 0-1

[Event "26. Münsterland Open"]
[Site "Senden"]
[Date "2008.10.04"]
[Round "9.4"]
[White "Seegers, Hendrik"]
[Black "Solodovnichenko, Yuri"]
[Result "0-1"]
[WhiteElo "2190"]
[BlackElo "2541"]
[PlyCount "92"]
[EventDate "2008.??.??"]

1. d4 g6 2. Nf3 Bg7 3. c4 c5 4. Nc3 cxd4 5. Nxd4 Nc6 6. e3 Nf6 7. Be2 O-O 8.
O-O d6 9. b3 Nxd4 10. exd4 d5 11. Re1 Bf5 12. Bf4 dxc4 13. Bxc4 Ng4 14. h3 Nxf2
15. Kxf2 Bxd4+ 16. Re3 e5 17. Bxe5 Bxe3+ 18. Kxe3 Qg5+ 19. Kf2 Bxh3 20. Bg3
Rad8 21. Qf3 Bg4 22. Qf4 Qc5+ 23. Kf1 Be6 24. Bf2 Qb4 25. Rc1 Bxc4+ 26. bxc4
Rd3 27. Ne4 Rfd8 28. Kg1 Qb2 29. Rf1 Rd1 30. Rxd1 Rxd1+ 31. Kh2 Qa1 32. Nf6+
Kg7 33. Nd5 h5 34. Be3 Rh1+ 35. Kg3 h4+ 36. Kf3 Rf1+ 37. Bf2 Qd1+ 38. Ke3 Qc1+
39. Ke2 Qd1+ 40. Ke3 Qc1+ 41. Ke2 Qxf4 42. Nxf4 Rc1 43. Kd3 g5 44. Ne2 Rd1+ 45.
Kc2 Rh1 46. Bxa7 Rh2 0-1